00454nam a2200157Ia 4500008004100000020001500041082001600056100002100072245003600093250000700129260003800136300003200174500001900206600002100225650005000246240925s9999 xx 000 0 und d a1575760029 a005.369 WEI aWeixel, Suxzanne 0aExcel for Windows 95 Essentials aNA aIndiana:bQUE Corporationc,1996. aVarious pagesbNAfOriginal aIncludes Index aComputer Science aComputer science, information & general works